Estatísticas para Vanuatu

Clique aqui para jogar o quiz

Estatísticas Gerais

  • Esse quiz foi jogado 9 vezes
  • A pontuação média é 5 de 10

Estatísticas das Respostas

HintResposta% Correto
Qual é o seu idioma?Inglês
100%
Onde fica?Oceania
100%
Com que país faz fronteira a Leste?Fiji
67%
Com que país faz fronteira a Norte?Ilhas Salomão
67%
Qual é a sua religião?Cristianismo
44%
De que país é independente?França
44%
Por quantas ilhas é composto o país?83
22%
Qual é a sua capital?Porto Vila
22%
Qual é o seu ponto mais alto?Monte Tabwemasana
11%
Qual é a sua moeda?Vatu
11%

Distribuição das Pontuações

Percentil de Números Respondidos

Porcentagem de Pessoas com Cada Pontuação

Sua Pontuação Histórica

Você não jogou esse quiz